Normal view
MARC view
Entry Personal Name
001 - CONTROL NUMBER
- control field: 1238251
003 - CONTROL NUMBER IDENTIFIER
- control field: OSt
005 - DATE AND TIME OF LATEST TRANSACTION
- control field: 20260430150711.0
008 - FIXED-LENGTH DATA ELEMENTS
- fixed length control field: 260430|| aca||aabn | a|a d
040 ## - CATALOGING SOURCE
- Original cataloging agency: OSt
- Transcribing agency: OSt
100 ## - HEADING--PERSONAL NAME
- Personal name: Dhiman Diksha Au.; Venkatesu P. Gu
670 ## - SOURCE DATA FOUND
- Source citation: Work cat.: (OSt)1850422: Dhiman Diksha Au.; Venkatesu P. Gu., Conformational and Colloidal Stability of Therapeutic-Proteins in the Presence of Choline-Based Designer Solvents, 2024
